000 00742 a2200193 4500
003 Nust
005 20251111142110.0
040 _cNust
082 _a621.382,BUT
100 _aButt ,NC Usman M. (TCC-09)
_9131795
245 _aImplementation of the V.32 modem standard using the texas instrument DSP TMS 320C5X /
_cM Usman Butt, NC Muzammil Habib, PC Syed Ali Murtaza and PC Syed Hassan Abbas.
260 _aRawalpindi
_bMCS (NUST)
_c2001
300 _a72 p.;
505 _aModem (Page-3), Quadrature Amplitude Modulation (Page-10), What is V.32 (page-14), Transmitter (page-25), receiver (Page-47).
650 _aUG Projects
_998716
651 _aTCC-9
_9131796
700 _aSupervised by Lt Col Dr. Ashraf
_9131797
942 _cPR
_2ddc
999 _c182680
_d182680